000 00618nam a2200205 a 4500
001 19967
003 CO-ViMGA
008 141112s2004 ck r 000 u spa d
020 _a9580460027
040 _aCO-ViMGA
_bspa
_cCO-ViMGA
082 0 4 _a808 C657m
100 1 _aContursi, Maria Eugenia; Ferro, Fabiola
_928995
245 1 0 _aLa Narración, usos y teorías
260 _aBogotá :
_bNorma,
_c2000
300 _a111 p.
490 _aEnciclopedia Latinoaméricana de sociocultura y comunicacion
590 _aForma de adquisición : Premio Mincultura
650 1 4 _aNARRACION - RETORICA
_924759
942 _2ddc
_cBK
999 _c29086
_d29086